000 00614nam a2200193 4500
001 108241
003 ES-MaACL
005 20250730061443.0
007 t|
008 061121s1934 po r ||||1| por d
100 1 _aMonteiro, Armindo.
_982435
245 1 0 _aReconstrução do império :
_bo pensamento do Ministro das colonias /
_cDr. Armindo Monteiro.
260 _aLisboa :
_b[s.n.],
_c1934 (
_fOfic. Gráfica Lela)
300 _a31 p. ;
_c19 cm.
651 7 _aPortugal-
_xColonias
_2
_9137318
651 4 _aPortugal-
_xPolítica y gobierno.
_9161808
852 _aES-MaACL
_j1819-F-2
999 _c108241
_d108241